| 000 | 00955nam a2200253 i 4500 | ||
|---|---|---|---|
| 001 | 64546 | ||
| 003 | ES-MaACL | ||
| 005 | 20250927063035.0 | ||
| 007 | t| | ||
| 008 | 031229s1970 sp af |||| | spa d | ||
| 100 | 1 |
_aFontaine, André, _d1921- _951577 |
|
| 245 | 1 | 0 |
_aHistoria de la guerra fría / _cAndré Fontaine ; [versión, Basilio Losada Castro]. |
| 250 | _a1ª ed. | ||
| 260 |
_aBarcelona : _bLuis de Caralt, _c1970. |
||
| 300 |
_a2 v., 16 lám. : _bil. ; _c22 cm. |
||
| 490 | 1 | _aLa vida vivida | |
| 505 | 8 | _aContiene: I. De la Revolución de Octubre a la guerra de Corea, 1917-1950 (413 p., 5 h., lám.) - II. De la guerra de Corea a la crisis de las alianzas, 1950-1967 (492 p., 2 h., lám.) | |
| 650 | 0 | 4 |
_aHistoria contemporánea- _yS.XX _913396 |
| 650 | 0 | 4 |
_aGuerra fría. _913206 |
| 700 | 1 |
_aLosada, Basilio, _d1930- _974251 |
|
| 830 | 0 | 3 |
_aLa vida vivida _9180877 |
| 852 |
_aES-MaACL _jC-38466-67 |
||
| 999 |
_c64546 _d64546 |
||